1146 1875 1166 1263 1484 1055 1464 1260 1100 1805 1160 1281 1653 1386 1252 1882 1599 1281 1839 1143 1944 1262 1274 1051 1988 1372 1560 1467 1406 1478 1607 1057 1116 1971 1884 1276 1311 1235 1060 1962 1142 1195 1987 1915 1515 1051 1753 1326 1448 1823 1410 1159 1638 1308 1681 1746 1603 1525 1604 1983 1833 1240 1143 1453 1864 1924 1376 1995 1478 1712 1572 1982 1399 1764 1947 1121 1780 1363 1929 1515 1093 1065 1522 1483 1362 1158 1652 1109 1646 1054 1619 1370 1538 1322 1551 1258 1275 1113 1383 BCNSPRNW ULIB Ver.6.0+V

เปลี่ยนเป็นภาษาไทย

Change to English
 แสดงรายละเอียดบรรณานุกรม
  กลับหน้าหลัก

Brief Record : Get Marc (ISO 2709) : E-mail record : QR code < ปิดหน้าต่าง
LEADER : 00000nam 2200000uu 4500
001    13399114073
003     ULIB
008    120214s2547||||th 000 0 tha d
060 04 ^aWA390^bก151ก 2547
100 0  ^aสุจริต สุวรรณชีพ
245 10 ^aการให้การปรึกษาในศูนย์สุขภาพชุมชน /^cสุจริต สุวรรณชีพ
250    ^aพิมพ์ครั้งที่ 2
260    ^aกรุงเทพฯ :^bสามเจริญพาณิชย์,^c2547
300    ^a200 หน้า :^bภาพประกอบ ;^c25 ซม.
650  7 ^aยาเสพติด^xการให้คำปรึกษา
650  7 ^aยาเสพติด^xการป้องกันและควบคุม
945    ^p0^l0^i13585
945    ^p0^l0^i13584
945    ^p0^l0^i13587
945    ^p0^l0^i13586
995    ^aกัณชพร
999    ^aใช้งานได้ทุกระบบ
รายการนี้ยังไม่มีแท็ก
คุณยังไม่ได้ล็อกอิน คุณสามารถมีกิจกรรมร่วมกับเว็บไซต์ได้ แต่ต้องล็อกอินก่อน ::
  ล็อกอิน

รายการสื่อสารสนเทศ

ลำดับที่ ประเภท เลขเรียก/บาร์โค้ด สถานที่ สถานะ
- ไม่พบข้อมูล -

BibComment


ยังไม่เคยถูกคอมเมนท์

คอมเมนท์ทรัพยากรรายการนี้
  คอมเมนท์: การให้การปรึกษาใ..


 Copyright 2026. Bcnsprnw @Library